[Event "BL 1011 SV Wattenscheid - Turm Emsdette"]
[Site "?"]
[Date "2010.10.08"]
[Round "7.7"]
[White "Bellon Lopez, Juan Manuel"]
[Black "Handke, Florian"]
[Result "1/2-1/2"]
[WhiteElo "2394"]
[BlackElo "2494"]
[PlyCount "163"]
[EventDate "2010.??.??"]

1. d4 d5 2. Nf3 Nf6 3. c4 c6 4. Nc3 a6 5. cxd5 cxd5 6. Bf4 Nc6 7. e3 Bg4 8. Be2
e6 9. Ne5 Bxe2 10. Qxe2 Rc8 11. O-O Be7 12. Rfc1 O-O 13. Nxc6 Rxc6 14. Rc2 Qa5
15. Bg5 Rfc8 16. a3 h6 17. Bxf6 Bxf6 18. g3 Qb6 19. Rd2 Rc4 20. Qd3 Qc6 21.
Rad1 Bd8 22. Re2 Ba5 23. Na2 f5 24. Kg2 Qb5 25. b3 R4c6 26. Qxb5 axb5 27. Nb4
Bxb4 28. axb4 Rc3 29. Rb2 Ra8 30. Kf3 Kf7 31. Ke2 g5 32. Kd2 Rc6 33. Rc1 Rxc1
34. Kxc1 Ra1+ 35. Kd2 b6 36. Rc2 Rb1 37. Rc7+ Kf6 38. Rh7 Rxb3 39. Rxh6+ Kf7
40. h4 gxh4 41. gxh4 Rxb4 42. Rh7+ Kg6 43. Rb7 Rb2+ 44. Ke1 f4 45. exf4 Rb4 46.
Ke2 Rxd4 47. Kf3 Rc4 48. h5+ Kxh5 49. Rxb6 Rc3+ 50. Ke2 Kg4 51. Rxe6 Kxf4 52.
Rb6 Rb3 53. Kd2 Ke4 54. Kc2 Rb4 55. Kc3 Rc4+ 56. Kb3 Rc5 57. Re6+ Kd4 58. Re1
Rc4 59. f4 Kd3 60. Re5 Kd4 61. Re1 Kd3 62. Re5 d4 63. Rxb5 Rc1 64. Kb2 Rf1 65.
Rh5 Rf2+ 66. Kc1 Rf1+ 67. Kb2 Kd2 68. Rh2+ Kd1 69. Kb3 Rf3+ 70. Kc4 d3 71. Kd4
d2 72. Ke4 Ra3 73. f5 Kc1 74. Rh1+ d1=Q 75. Rxd1+ Kxd1 76. f6 Ke2 77. Ke5 Ra8
78. f7 Ke3 79. Kf6 Kf4 80. Kg7 Kg5 81. f8=Q Rxf8 82. Kxf8 1/2-1/2

[Event "BL 1011 SV Wattenscheid - Turm Emsdette"]
[Site "?"]
[Date "2010.10.08"]
[Round "7.8"]
[White "Hirneise, Tobias"]
[Black "Zumsande, Martin"]
[Result "1/2-1/2"]
[WhiteElo "2436"]
[BlackElo "2414"]
[PlyCount "184"]
[EventDate "2010.??.??"]

1. d4 d5 2. c4 c6 3. Nf3 Nf6 4. Nc3 a6 5. a4 e6 6. Bg5 a5 7. e3 Na6 8. Be2 Be7
9. O-O Nb4 10. Qb3 O-O 11. Na2 Nxa2 12. Qxa2 dxc4 13. Bxc4 Nd5 14. Bxe7 Qxe7
15. Bxd5 exd5 16. Qa3 Re8 17. Qxe7 Rxe7 18. Rfc1 Bg4 19. Nd2 Bd7 20. Ra3 b6 21.
Nf3 f6 22. Ne1 Kf7 23. Nd3 Ke6 24. Rb3 Ra6 25. Rbc3 Kd6 26. h3 Be8 27. g4 Raa7
28. Kg2 Rac7 29. b4 axb4 30. Nxb4 Rc8 31. Rb3 Ra7 32. Nd3 Bg6 33. Nf4 Rb8 34.
Rb4 Ra6 35. f3 Rba8 36. h4 Be8 37. Rcb1 b5 38. axb5 cxb5 39. R4b3 Ra2+ 40. Kg3
g5 41. hxg5 fxg5 42. Nh3 h6 43. f4 Bg6 44. R1b2 Rxb2 45. Rxb2 Ra3 46. Kf2 gxf4
47. Nxf4 Be8 48. Kf3 Kc6 49. Rh2 b4 50. Rxh6+ Kb5 51. Nxd5 Kc4 52. Ke4 b3 53.
Rb6 Bb5 54. Nc7 Bd7 55. g5 Ra5 56. g6 Rg5 57. Kf4 Rg2 58. Kf3 Rg1 59. e4 Kxd4
60. Nd5 Be8 61. Nf4 Rf1+ 62. Kg4 Bxg6 63. Nxg6 Kxe4 64. Rb4+ Kd3 65. Rxb3+ Kc4
66. Re3 Kd4 67. Re8 Kd5 68. Nf4+ Kd6 69. Kf5 Kc5 70. Rd8 Kc4 71. Rd7 Kc5 72.
Rd2 Kc6 73. Ke5 Re1+ 74. Ne2 Rh1 75. Rc2+ Kd7 76. Nd4 Re1+ 77. Kd5 Rd1 78. Rh2
Ke7 79. Rf2 Rd3 80. Rf1 Rd2 81. Ke5 Ra2 82. Nf5+ Kd7 83. Rd1+ Kc7 84. Rc1+ Kd7
85. Ne3 Re2 86. Rc3 Re1 87. Rb3 Kc6 88. Kd4 Rh1 89. Rc3+ Kd6 90. Nf5+ Ke6 91.
Ke4 Re1+ 92. Ne3 Kd6 1/2-1/2

[Event "BL 1011 Nickelhütte Aue - Bayern Münche"]
[Site "?"]
[Date "2010.10.08"]
[Round "7.2"]
[White "Meijers, Viesturs"]
[Black "Schenk, Andreas"]
[Result "1-0"]
[WhiteElo "2502"]
[BlackElo "2519"]
[PlyCount "113"]
[EventDate "2010.??.??"]

1. d4 d5 2. Nf3 Nf6 3. e3 c5 4. b3 Nc6 5. Bb2 Bg4 6. h3 Bh5 7. Be2 e6 8. O-O
Be7 9. c4 O-O 10. Nbd2 Rc8 11. a3 dxc4 12. Nxc4 cxd4 13. Nxd4 Bxe2 14. Qxe2 Qd5
15. Rfd1 Nxd4 16. Bxd4 Qb5 17. Qb2 Rfd8 18. a4 Qh5 19. Rdc1 Ra8 20. b4 Nd5 21.
b5 Bf6 22. Bxf6 Nxf6 23. Na5 Rd7 24. Rc4 h6 25. Qc2 b6 26. Rc8+ Rxc8 27. Qxc8+
Kh7 28. Qc2+ Kg8 29. Nc6 Qd5 30. Rc1 Ne4 31. Nb4 Qc5 32. Qxc5 Nxc5 33. Ra1 Nb3
34. Ra3 Rd1+ 35. Kh2 Nc5 36. Nc6 a5 37. Ne7+ Kf8 38. Nc8 Rc1 39. Nxb6 Ke7 40.
Nc8+ Kd7 41. Na7 Kc7 42. Nc6 Kb6 43. Ne5 Rc2 44. f3 f5 45. h4 Nxa4 46. Rxa4
Kxb5 47. Ra1 Re2 48. f4 a4 49. Rb1+ Kc5 50. Rb7 g6 51. Ra7 Kb4 52. Nc6+ Kc5 53.
Nd4 Rxe3 54. Rxa4 e5 55. fxe5 Rxe5 56. Nf3 Re6 57. Kg3 1-0

[Event "BL 1011 Nickelhütte Aue - Bayern Münche"]
[Site "?"]
[Date "2010.10.08"]
[Round "7.3"]
[White "Boensch, Uwe"]
[Black "Slobodjan, Roman"]
[Result "1/2-1/2"]
[WhiteElo "2520"]
[BlackElo "2556"]
[PlyCount "74"]
[EventDate "2010.??.??"]

1. d4 d5 2. c4 e6 3. Nc3 Nf6 4. cxd5 exd5 5. Bg5 Be7 6. e3 c6 7. Bd3 Nbd7 8.
Qc2 Nh5 9. Bxe7 Qxe7 10. Nge2 g6 11. Rb1 Ndf6 12. b4 a6 13. a4 O-O 14. b5 axb5
15. axb5 Re8 16. bxc6 bxc6 17. O-O c5 18. dxc5 Qxc5 19. Nd4 Bd7 20. Rfc1 Rab8
21. Ra1 Rec8 22. Qd2 Qe7 23. Ba6 Rc5 24. f3 Ng7 25. Bf1 Re8 26. Nd1 Rxc1 27.
Qxc1 Rc8 28. Qd2 Ne6 29. Nf2 Qc5 30. Nd3 Qb6 31. Ne5 Nxd4 32. Qxd4 Qxd4 33.
exd4 Be6 34. Bd3 Ne8 35. Ra6 Kf8 36. Kf2 Ke7 37. Ra7+ Rc7 1/2-1/2

[Event "BL 1011 Nickelhütte Aue - Bayern Münche"]
[Site "?"]
[Date "2010.10.08"]
[Round "7.5"]
[White "Belezky, Alexander"]
[Black "Petr, Martin"]
[Result "1/2-1/2"]
[WhiteElo "2454"]
[BlackElo "2468"]
[PlyCount "45"]
[EventDate "2010.??.??"]

1. d4 Nf6 2. c4 g6 3. g3 Bg7 4. Bg2 d5 5. cxd5 Nxd5 6. Nf3 Nb6 7. O-O Nc6 8. e3
O-O 9. Nc3 Re8 10. Re1 Bd7 11. h3 a5 12. b3 e5 13. Nxe5 Nxe5 14. dxe5 Bxe5 15.
Bb2 c6 16. f4 Bg7 17. e4 Nc4 18. bxc4 Qb6+ 19. Kh2 Qxb2 20. Rb1 Qxc3 21. Qxd7
Qxc4 22. Qxb7 Qxa2 23. e5 1/2-1/2

[Event "BL 1011 Nickelhütte Aue - Bayern Münche"]
[Site "?"]
[Date "2010.10.08"]
[Round "7.6"]
[White "Gaponenko, Inna"]
[Black "Meister, Peter"]
[Result "1-0"]
[WhiteElo "2469"]
[BlackElo "2446"]
[PlyCount "97"]
[EventDate "2010.??.??"]

1. e4 e6 2. d4 d5 3. exd5 exd5 4. Nf3 Nf6 5. c4 dxc4 6. Bxc4 Bd6 7. O-O O-O 8.
Nc3 Nc6 9. h3 h6 10. Re1 Bf5 11. Ne5 Bxe5 12. dxe5 Qxd1 13. Nxd1 Nd7 14. f4 Nb6
15. Bf1 Nd4 16. Ne3 Be6 17. b3 Rfd8 18. Bb2 Rd7 19. Rac1 c6 20. Red1 Rad8 21.
g4 Nd5 22. Rxd4 Nxe3 23. Rxd7 Bxd7 24. Be2 g6 25. Kf2 Nd5 26. Rc4 Re8 27. Bf3
Nb6 28. Rd4 Be6 29. Ba3 Bd5 30. Be2 g5 31. Bd6 Nd7 32. Bf3 Nb6 33. Be2 Kg7 34.
Kg3 f6 35. exf6+ Kxf6 36. Kf2 Re6 37. Bc5 gxf4 38. Rxf4+ Kg7 39. Bd4+ Kg8 40.
Bd3 Re7 41. Rf6 Rf7 42. Rxf7 Bxf7 43. Bf5 Nd5 44. Bxa7 Nc3 45. Be3 h5 46. gxh5
Bxh5 47. Bd2 Nd5 48. a4 Bd1 49. a5 1-0

[Event "BL 1011 Nickelhütte Aue - Bayern Münche"]
[Site "?"]
[Date "2010.10.08"]
[Round "7.7"]
[White "Meissner, Bernd"]
[Black "Spiess, Gunter"]
[Result "1/2-1/2"]
[WhiteElo "2401"]
[BlackElo "2429"]
[PlyCount "58"]
[EventDate "2010.??.??"]

1. d4 d5 2. c4 c6 3. Nf3 Nf6 4. Nc3 e6 5. Bg5 h6 6. Bxf6 Qxf6 7. e3 Nd7 8. Bd3
g6 9. O-O dxc4 10. Bxc4 Bg7 11. e4 e5 12. Nxe5 Nxe5 13. dxe5 Qxe5 14. Qb3 O-O
15. a4 Be6 16. Rad1 Bxc4 17. Qxc4 Rad8 18. f4 Rd4 19. Qb3 Qc5 20. Rxd4 Bxd4+
21. Kh1 Bxc3 22. bxc3 b5 23. h3 bxa4 24. Qxa4 Qxc3 25. Qxa7 Qd3 26. Re1 Qg3 27.
Rf1 Qd3 28. Re1 Qg3 29. Rf1 Qd3 1/2-1/2

[Event "BL 1011 Nickelhütte Aue - Bayern Münche"]
[Site "?"]
[Date "2010.10.08"]
[Round "7.8"]
[White "Wichmann, Cliff"]
[Black "Deglmann, Ludwig"]
[Result "1-0"]
[WhiteElo "2341"]
[BlackElo "2397"]
[PlyCount "53"]
[EventDate "2010.??.??"]

1. d4 f5 2. g3 Nf6 3. Bg2 g6 4. Nf3 Bg7 5. O-O O-O 6. c4 d6 7. Nc3 Qe8 8. Re1
Qf7 9. e4 Qxc4 10. exf5 Bxf5 11. Rxe7 Nc6 12. Rxc7 Ne4 13. Be3 Nxc3 14. bxc3
Qxc3 15. Rc1 Qb4 16. Ng5 h6 17. Bd5+ Kh8 18. Nf7+ Kh7 19. Qb3 Qxb3 20. Bxb3
Rac8 21. Rxc8 Bxc8 22. Nxd6 Bh3 23. d5 Ne5 24. Nxb7 a6 25. Nc5 Nf3+ 26. Kh1 Bd4
27. Ne6 1-0

[Event "BL 1011 SC Eppingen - OSG Baden Baden"]
[Site "?"]
[Date "2010.11.13"]
[Round "7.1"]
[White "Svidler, Peter"]
[Black "Berkes, Ferenc"]
[Result "1/2-1/2"]
[WhiteElo "2731"]
[BlackElo "2678"]
[PlyCount "41"]
[EventDate "2010.??.??"]

1. e4 c6 2. Nc3 d5 3. Nf3 dxe4 4. Nxe4 Nf6 5. Nxf6+ exf6 6. d4 Bd6 7. h3 O-O 8.
Be2 Nd7 9. O-O Re8 10. Bd3 Nf8 11. c4 Ng6 12. Qc2 Bc7 13. Bf5 Qd6 14. g3 Bxf5
15. Qxf5 Qe6 16. Qxe6 fxe6 17. Be3 Rad8 18. Rfd1 e5 19. dxe5 Nxe5 20. Nxe5 Bxe5
21. Rab1 1/2-1/2

[Event "BL 1011 SC Eppingen - OSG Baden Baden"]
[Site "?"]
[Date "2010.11.13"]
[Round "7.2"]
[White "Tiviakov, Sergei"]
[Black "Adams, Michael"]
[Result "0-1"]
[WhiteElo "2637"]
[BlackElo "2728"]
[PlyCount "94"]
[EventDate "2010.??.??"]

1. e4 e5 2. Nf3 Nc6 3. Bc4 Bc5 4. c3 Nf6 5. d3 d6 6. Bb3 h6 7. Nbd2 a5 8. Nf1
O-O 9. Ng3 d5 10. exd5 Nxd5 11. O-O Re8 12. Ne4 Be7 13. d4 exd4 14. Nxd4 Nxd4
15. Qxd4 Nb6 16. Qxd8 Bxd8 17. Bc2 a4 18. a3 Ra5 19. Ng3 Kf8 20. h3 Bg5 21.
Bxg5 Rxg5 22. Rfd1 Rb5 23. Rab1 Be6 24. Rd4 Ba2 25. Ra1 Rxb2 26. Bxa4 c5 27.
Rg4 Re5 28. Bb5 Be6 29. f4 Bxg4 30. fxe5 Bxh3 31. gxh3 Rxb5 32. Rf1 Nd7 33. e6
Nf6 34. exf7 Rb3 35. Nf5 Kxf7 36. a4 b6 37. Re1 Rxc3 38. Re7+ Kg6 39. Nxg7 Ra3
40. Ne8 Nxe8 41. Rxe8 Kf5 42. Rb8 Rxa4 43. Rxb6 h5 44. Kf2 Ke5 45. Rh6 Rf4+ 46.
Ke2 Rh4 47. Kd3 Kd5 0-1

[Event "BL 1011 SC Eppingen - OSG Baden Baden"]
[Site "?"]
[Date "2010.11.13"]
[Round "7.3"]
[White "Nielsen, Peter-Heine"]
[Black "Balogh, Csaba"]
[Result "1/2-1/2"]
[WhiteElo "2670"]
[BlackElo "2608"]
[PlyCount "50"]
[EventDate "2010.??.??"]

1. c4 Nf6 2. Nf3 c6 3. g3 d5 4. Bg2 dxc4 5. O-O Nbd7 6. Na3 Nb6 7. Qc2 Qd5 8.
Ne1 Qf5 9. e4 Qh5 10. Nxc4 e5 11. d4 exd4 12. Nd3 Nxc4 13. Qxc4 Ng4 14. h3 Ne5
15. Nxe5 Qxe5 16. Bf4 Qc5 17. Qd3 Be6 18. Rfd1 Be7 19. Qxd4 Qxd4 20. Rxd4 Bc5
21. Rdd1 Rd8 22. Rxd8+ Kxd8 23. Be5 f6 24. Bc3 Ke7 25. e5 Rd8 1/2-1/2

[Event "BL 1011 SC Eppingen - OSG Baden Baden"]
[Site "?"]
[Date "2010.11.13"]
[Round "7.5"]
[White "Meier, Georg"]
[Black "Acs, Peter"]
[Result "1/2-1/2"]
[WhiteElo "2659"]
[BlackElo "2601"]
[PlyCount "118"]
[EventDate "2010.??.??"]

1. d4 d5 2. c4 c6 3. Nf3 Nf6 4. e3 a6 5. Bd2 e6 6. Qc2 Nbd7 7. Nc3 dxc4 8. Bxc4
c5 9. a4 cxd4 10. exd4 Nb6 11. Bb3 Be7 12. O-O O-O 13. Rac1 Bd7 14. Ne5 Rc8 15.
Qd3 Bc6 16. Nxc6 Rxc6 17. a5 Rd6 18. Ne2 Nbd5 19. Rc2 Qb8 20. Rfc1 Rdd8 21. Rc4
Rc8 22. g3 Rxc4 23. Rxc4 Rc8 24. Nf4 Rxc4 25. Bxc4 Nxf4 26. Bxf4 Qd8 27. Bd2
Nd5 28. Qb3 Qd7 29. Be2 Bf6 30. Bc3 g6 31. Bf3 Qc6 32. Be4 Kg7 33. Bf3 h5 34.
h3 Be7 35. Bd2 Bd8 36. Be4 Bf6 37. Bc3 Bg5 38. Bf3 h4 39. g4 Bf4 40. Be4 Bg5
41. Bf3 Bd8 42. Bd2 Bf6 43. Bc3 Be7 44. Bd2 Kf8 45. Kf1 Ke8 46. Bg2 Bf6 47. Bc3
Kd7 48. Bf3 Kc8 49. Bg2 Kb8 50. Bf3 Qd7 51. Be4 Bg5 52. Ke1 Bf4 53. Bf3 Bc7 54.
Bd2 Qd8 55. Qa4 Ka7 56. Qa3 Bd6 57. Qb3 Bc7 58. Qa3 Ka8 59. Qa4 Kb8 1/2-1/2

[Event "BL 1011 SC Eppingen - OSG Baden Baden"]
[Site "?"]
[Date "2010.11.13"]
[Round "7.6"]
[White "Bindrich, Falko"]
[Black "Gustafsson, Jan"]
[Result "1/2-1/2"]
[WhiteElo "2507"]
[BlackElo "2646"]
[PlyCount "55"]
[EventDate "2010.??.??"]

1. e4 e5 2. Nf3 Nc6 3. Bb5 Nf6 4. O-O Nxe4 5. Re1 Nd6 6. Nxe5 Be7 7. Bf1 Nf5 8.
c3 Nxe5 9. Rxe5 d6 10. Re1 O-O 11. d4 d5 12. Nd2 Nd6 13. Bd3 c6 14. Qc2 g6 15.
Nf3 Bf5 16. Bf4 Bxd3 17. Qxd3 Re8 18. Re2 Bf8 19. Rae1 Rxe2 20. Rxe2 Qf6 21.
Bxd6 Qxd6 22. g3 Rc8 23. h4 h5 24. Ng5 Rc7 25. Re8 Re7 26. Ra8 a6 27. Qf3 Qd7
28. Qf4 1/2-1/2

[Event "BL 1011 SC Eppingen - OSG Baden Baden"]
[Site "?"]
[Date "2010.11.13"]
[Round "7.7"]
[White "Dautov, Rustem"]
[Black "Braun, Arik"]
[Result "1/2-1/2"]
[WhiteElo "2602"]
[BlackElo "2538"]
[PlyCount "70"]
[EventDate "2010.??.??"]

1. d4 d5 2. c4 c6 3. Nf3 Nf6 4. e3 Bg4 5. Nc3 e6 6. h3 Bxf3 7. Qxf3 Nbd7 8. Bd3
Bb4 9. O-O O-O 10. Bd2 Re8 11. Qd1 dxc4 12. Bxc4 Qe7 13. Qb3 Rab8 14. Rad1 Bd6
15. Rfe1 e5 16. dxe5 Bxe5 17. Bf1 h5 18. Qc2 Rbd8 19. Bc1 a6 20. Nb1 Ne4 21.
Nd2 Bh2+ 22. Kxh2 Nxf2 23. Nf3 Nxd1 24. Rxd1 Nf6 25. Rxd8 Rxd8 26. Bd2 Ng4+ 27.
hxg4 hxg4 28. Nd4 Rxd4 29. exd4 Qh4+ 30. Kg1 g3 31. Bc4 Qxd4+ 32. Kh1 Qh4+ 33.
Kg1 Qd4+ 34. Kh1 Qh4+ 35. Kg1 Qd4+ 1/2-1/2

[Event "BL 1011 SC Eppingen - OSG Baden Baden"]
[Site "?"]
[Date "2010.11.13"]
[Round "7.8"]
[White "Medvegy, Zoltan"]
[Black "Schlosser, Philipp"]
[Result "1-0"]
[WhiteElo "2531"]
[BlackElo "2574"]
[PlyCount "123"]
[EventDate "2010.??.??"]

1. c4 Nf6 2. Nc3 e5 3. Nf3 Nc6 4. g3 Bc5 5. Bg2 O-O 6. O-O d6 7. d3 a6 8. a3
Ba7 9. b4 h6 10. e4 Bg4 11. h3 Bh5 12. Be3 Nh7 13. g4 Bg6 14. Bxa7 Rxa7 15. b5
Na5 16. a4 Ng5 17. Nxg5 hxg5 18. Nd5 Ra8 19. b6 c6 20. Nc7 Rc8 21. Rb1 c5 22.
Nd5 Nc6 23. Qd2 Nd4 24. a5 f6 25. Nc3 Be8 26. Ne2 Ne6 27. Rfc1 g6 28. Kf1 Bc6
29. Ke1 Qd7 30. Kd1 Ba4+ 31. Ke1 Kg7 32. Qe3 Rf7 33. Kd2 Rh8 34. Rh1 Qe8 35.
Ra1 Bd7 36. Kc2 Nd8 37. Kb2 Nc6 38. Qd2 Qd8 39. Rhg1 Rh4 40. Ra3 Rf8 41. Raa1
Rfh8 42. Rh1 R8h7 43. Rhg1 Qc8 44. Raf1 Nb4 45. Nc3 Be6 46. Rh1 Qh8 47. Rhg1
Rxh3 48. Bxh3 Rxh3 49. f3 Rh2 50. Rg2 Rxg2 51. Qxg2 Nxd3+ 52. Kb3 Nf4 53. Qd2
Qg8 54. Rh1 Bxc4+ 55. Ka3 Qf8 56. Qh2 Bg8 57. Qh6+ Kf7 58. Qxf8+ Kxf8 59. Nb5
Ke7 60. Rh8 Bc4 61. Rh7+ Ke6 62. Nc7# 1-0

[Event "BL 1011 Schachfr. Berlin - Hamburger SK"]
[Site "?"]
[Date "2010.11.13"]
[Round "7.2"]
[White "Maksimenko, Andrei"]
[Black "Kempinski, Robert"]
[Result "1/2-1/2"]
[WhiteElo "2544"]
[BlackElo "2615"]
[PlyCount "137"]
[EventDate "2010.??.??"]

1. d4 d5 2. c4 c6 3. Nf3 Nf6 4. Nc3 e6 5. Bg5 h6 6. Bxf6 Qxf6 7. e3 Nd7 8. Bd3
dxc4 9. Bxc4 g6 10. O-O Bg7 11. e4 e5 12. d5 O-O 13. Rc1 h5 14. h3 Bh6 15. Rc2
Rd8 16. Qe2 Nb6 17. Bb3 Bd7 18. Rd1 Rac8 19. dxc6 Bxc6 20. Nd5 Bxd5 21. Rxc8
Rxc8 22. exd5 Nd7 23. d6 Rd8 24. Rd5 Bf8 25. Nd2 Qh4 26. Nf3 Qf6 27. h4 Nb6 28.
Rxe5 Nc8 29. Rc5 Nxd6 30. Rc7 Bh6 31. g3 Kg7 32. Kg2 a6 33. a4 Re8 34. Qd3 Re7
35. Rxe7 Qxe7 36. Bd5 Qf6 37. b3 a5 38. Nd4 Qe5 39. Nf3 Qf6 40. Qd1 Qb2 41. Qd3
Nf5 42. Kf1 Qc1+ 43. Ke2 Qb2+ 44. Ke1 Qc1+ 45. Ke2 Qb2+ 46. Kf1 Qc1+ 47. Kg2
Qb2 48. Ng5 Bxg5 49. hxg5 b6 50. Be4 Qe5 51. Bxf5 gxf5 52. Qf3 Qe6 53. Qxh5
Qxb3 54. Qh6+ Kg8 55. g6 fxg6 56. Qxg6+ Kh8 57. Qh6+ Kg8 58. Qg6+ Kh8 59. Qc6
Kg7 60. Kh3 Qd1 61. Qc7+ Kf8 62. Qc8+ Ke7 63. Qc7+ Kf8 64. Qc8+ Ke7 65. Qb7+
Qd7 66. Qxb6 Qxa4 67. Qc7+ Ke6 68. f4 Qb5 69. Qc8+ 1/2-1/2

[Event "BL 1011 Schachfr. Berlin - Hamburger SK"]
[Site "?"]
[Date "2010.11.13"]
[Round "7.3"]
[White "Hansen, Sune Berg"]
[Black "Miezis, Normunds"]
[Result "1/2-1/2"]
[WhiteElo "2595"]
[BlackElo "2519"]
[PlyCount "53"]
[EventDate "2010.??.??"]

1. d4 Nf6 2. Nf3 e6 3. c4 Bb4+ 4. Nbd2 d5 5. a3 Be7 6. e3 O-O 7. Bd3 c5 8. b3
cxd4 9. exd4 dxc4 10. Nxc4 b5 11. Nce5 Bb7 12. O-O a6 13. Re1 Nbd7 14. Qe2 Bd5
15. a4 Bb4 16. Bd2 Bxd2 17. Qxd2 bxa4 18. bxa4 a5 19. Rac1 Nb6 20. Bb5 Qd6 21.
Bc6 Ra7 22. Rc5 Bxc6 23. Rxc6 Qd8 24. Qb2 Nfd5 25. Qb5 h6 26. Rb1 Nd7 27. Nxd7
1/2-1/2

[Event "BL 1011 Schachfr. Berlin - Hamburger SK"]
[Site "?"]
[Date "2010.11.13"]
[Round "7.4"]
[White "Polzin, Rainer"]
[Black "Ftacnik, Lubomir Dr"]
[Result "0-1"]
[WhiteElo "2494"]
[BlackElo "2568"]
[PlyCount "134"]
[EventDate "2010.??.??"]

1. e4 c5 2. Nf3 d6 3. d4 cxd4 4. Nxd4 Nf6 5. Nc3 a6 6. Be2 e6 7. O-O Nc6 8. Be3
Be7 9. f4 Qc7 10. a4 O-O 11. Bf3 Re8 12. Kh1 Na5 13. g4 Nd7 14. Bg2 Bf8 15. Qe1
Nc4 16. Bc1 g6 17. b3 Bg7 18. Nde2 Na5 19. Ba3 d5 20. e5 Nc6 21. Rd1 b6 22. Bd6
Qd8 23. Ng1 Bb7 24. Nf3 Rc8 25. h4 f6 26. h5 fxe5 27. hxg6 hxg6 28. Ng5 Bh6 29.
Qh4 Kg7 30. Nxe6+ Rxe6 31. g5 Bxg5 32. fxg5 Qh8 33. Qh6+ Qxh6+ 34. gxh6+ Kxh6
35. Ba3 Nd4 36. Bxd5 Rxc3 37. Bxb7 Nf6 38. Bxa6 Rxc2 39. Bc4 Rc6 40. Rd3 Kg7
41. Rg3 e4 42. Rg2 Rxg2 43. Kxg2 Nf5 44. Kf2 g5 45. Rd1 Kg6 46. Rd8 Ng4+ 47.
Ke2 Ne5 48. Rg8+ Kh5 49. Bc1 e3 50. Bxe3 Nxe3 51. Kxe3 Nxc4+ 52. bxc4 Rxc4 53.
Rb8 Rb4 54. Kf3 Rb3+ 55. Kf2 Kg4 56. Rg8 Rb2+ 57. Kg1 Kh4 58. Rc8 Rb4 59. Rc6
g4 60. Kg2 Rb2+ 61. Kf1 Kg3 62. Rg6 Rb4 63. Rc6 Rb1+ 64. Ke2 Kg2 65. Rc2 g3 66.
Ra2 Kh1 67. a5 g2 0-1

[Event "BL 1011 Schachfr. Berlin - Hamburger SK"]
[Site "?"]
[Date "2010.11.13"]
[Round "7.5"]
[White "Rogozenco, Dorian"]
[Black "Berndt, Stephan"]
[Result "1/2-1/2"]
[WhiteElo "2522"]
[BlackElo "2442"]
[PlyCount "51"]
[EventDate "2010.??.??"]

1. d4 Nf6 2. c4 e6 3. Nc3 Bb4 4. Bg5 h6 5. Bh4 c5 6. d5 Bxc3+ 7. bxc3 d6 8. e3
e5 9. Bd3 e4 10. Bc2 Nbd7 11. Ne2 O-O 12. O-O Re8 13. f4 Qa5 14. a4 Nh7 15. Qd2
f5 16. h3 Ndf6 17. Rab1 Qc7 18. Rb2 b6 19. Kh1 Ba6 20. Bb3 Qf7 21. Bg3 Nf8 22.
Rg1 Rad8 23. Bh2 Bc8 24. Ra1 g5 25. a5 bxa5 26. Rxa5 1/2-1/2

[Event "BL 1011 Schachfr. Berlin - Hamburger SK"]
[Site "?"]
[Date "2010.11.13"]
[Round "7.7"]
[White "Berger, Steve"]
[Black "Thiede, Lars"]
[Result "1/2-1/2"]
[WhiteElo "2423"]
[BlackElo "2445"]
[PlyCount "147"]
[EventDate "2010.??.??"]

1. e4 e5 2. Nf3 Nc6 3. Bc4 Bc5 4. O-O Nf6 5. d4 exd4 6. e5 d5 7. exf6 dxc4 8.
fxg7 Rg8 9. Bg5 f6 10. Bh6 Bg4 11. h3 Bh5 12. b3 c3 13. Qd3 Qd6 14. Qxh7 Ne7
15. Bf4 Qd5 16. Ne5 Be2 17. Ng4 Bxg4 18. hxg4 O-O-O 19. Re1 Qf7 20. Qh5 Qxh5
21. gxh5 Rxg7 22. Bc1 Nf5 23. Re6 Rdg8 24. g3 Nxg3 25. fxg3 Rxg3+ 26. Kf2 Rg1
27. b4 Bd6 28. Na3 Bxb4 29. Re8+ Rxe8 30. Kxg1 Re1+ 31. Kf2 Rh1 32. h6 Bf8 33.
Kg2 Rh5 34. Rb1 a6 35. Nc4 Bxh6 36. Bxh6 Rxh6 37. Na5 b5 38. Nb3 Rh4 39. Rf1
Rg4+ 40. Kf3 Rh4 41. Kg3 Rh6 42. Nxd4 Kb7 43. Re1 Rh5 44. Re6 a5 45. Rxf6 Rd5
46. Rf4 b4 47. Kf3 c5 48. Rf7+ Kb6 49. Rf6+ Kb7 50. Rf7+ Kb6 51. Rf6+ Kb7 52.
Nb3 c4 53. Ke4 Rh5 54. Nd4 a4 55. Rg6 b3 56. axb3 cxb3 57. cxb3 axb3 58. Nxb3
Kc7 59. Rg3 Kd6 60. Rd3+ Ke7 61. Rxc3 Rh4+ 62. Kd5 Rh5+ 63. Kc6 Re5 64. Nd4 Ra5
65. Re3+ Kf6 66. Kd6 Kg5 67. Rf3 Kg4 68. Rf8 Kg3 69. Nb3 Rb5 70. Nc5 Rb1 71.
Ke5 Rb5 72. Kd4 Rb4+ 73. Ke3 Kg4 74. Nd3 1/2-1/2

[Event "BL 1011 Schachfr. Berlin - Hamburger SK"]
[Site "?"]
[Date "2010.11.13"]
[Round "7.8"]
[White "Poldauf, Dirk"]
[Black "Sebastian, Dirk"]
[Result "0-1"]
[WhiteElo "2390"]
[BlackElo "2439"]
[PlyCount "140"]
[EventDate "2010.??.??"]

1. c4 g6 2. Nc3 Bg7 3. g3 e5 4. Bg2 Nc6 5. e3 d6 6. Nge2 Nge7 7. O-O O-O 8. d3
Be6 9. Nd5 Qd7 10. Rb1 a5 11. a3 Nd8 12. Nec3 Nc8 13. Ne4 f6 14. f4 c6 15. fxe5
Bg4 16. e6 Qxe6 17. Nf4 Bxd1 18. Nxe6 Bc2 19. Nxf8 Bxb1 20. Nd7 f5 21. Nf2 Kf7
22. c5 Ke7 23. Nb6 Nxb6 24. cxb6 Ba2 25. g4 fxg4 26. Nxg4 Be6 27. Nf2 Ra6 28.
d4 Rxb6 29. Rd1 Nf7 30. Nd3 Rb3 31. Nf4 Bg4 32. Rf1 g5 33. Nh3 Be6 34. Nf2 g4
35. Ne4 Bh6 36. Nc3 d5 37. Re1 Nd6 38. e4 Bxc1 39. exd5 Bxb2 40. Rxe6+ Kd7 41.
Ne2 Nf5 42. Re4 h5 43. Rf4 Ne7 44. Rf7 Rxa3 45. dxc6+ bxc6 46. Bxc6+ Kxc6 47.
Rxe7 Rd3 48. Re5 a4 49. Rxh5 a3 50. Ra5 Kb6 51. Ra8 Kb5 52. Kg2 Kc4 53. Nf4
Rd2+ 54. Kg3 Kb3 55. Ne6 Kc2 56. Kxg4 Rxh2 57. d5 Rd2 58. Nc7 Kb1 59. Kf5 a2
60. Ke6 Re2+ 61. Kf7 a1=Q 62. Rxa1+ Kxa1 63. d6 Ba3 64. Nb5 Bc5 65. Kf6 Kb2 66.
d7 Be7+ 67. Kf5 Bd8 68. Nd6 Re7 69. Nc4+ Kb3 70. Ne5 Kc3 0-1

[Event "BL1011 Griesheim - SG Trier"]
[Site "schachbundesliga.de"]
[Date "2010.10.08"]
[Round "7.1"]
[White "Lupulescu, Constantin"]
[Black "Mista, Aleksander"]
[Result "0-1"]
[WhiteElo "2617"]
[BlackElo "2574"]
[PlyCount "128"]
[EventDate "2010.??.??"]

1. c4 c5 2. Nf3 Nf6 3. g3 b6 4. Bg2 Bb7 5. O-O e6 6. Nc3 Be7 7. Re1 d6 8. e4
Nbd7 9. d4 cxd4 10. Nxd4 Qc7 11. Ndb5 Qb8 12. Be3 Qc7 13. Bc1 Qb8 14. Be3 O-O
15. Rc1 Rd8 16. f4 Bf8 17. Qe2 Nc5 18. Bf2 a6 19. Nd4 e5 20. Nb3 exf4 21. gxf4
Re8 22. Nxc5 bxc5 23. Qd2 g6 24. Rcd1 Qc8 25. Bh4 Nh5 26. f5 Bg7 27. Bf3 Bd4+
28. Bf2 Ng7 29. fxg6 hxg6 30. Bxd4 cxd4 31. Qxd4 Ne6 32. Qe3 Qxc4 33. Rxd6 Kg7
34. Red1 Rh8 35. Bg4 Qc5 36. Qxc5 Nxc5 37. e5 Rh4 38. R1d4 Re8 39. b4 Ne4 40.
Bd7 Rxe5 41. Nxe4 Bxe4 42. h3 Rg5+ 43. Bg4 f5 44. Kf1 Rh8 45. Rxa6 fxg4 46.
Rxe4 gxh3 47. Ra7+ Kf6 48. Ra6+ Kf5 49. Rae6 Rc8 50. R6e5+ Kf6 51. Re6+ Kg7 52.
Re7+ Kh6 53. Rh4+ Rh5 54. Rxh5+ Kxh5 55. Kg1 g5 56. b5 Kh4 57. b6 Rc1+ 58. Kf2
Rc2+ 59. Ke3 Rb2 60. b7 Kg3 61. Kd3 h2 62. Re3+ Kf2 63. Re2+ Rxe2 64. b8=Q Re3+
0-1

[Event "BL1011 Griesheim - SG Trier"]
[Site "schachbundesliga.de"]
[Date "2010.10.08"]
[Round "7.2"]
[White "Berczes, David"]
[Black "Howell, David W L"]
[Result "1/2-1/2"]
[WhiteElo "2520"]
[BlackElo "2616"]
[PlyCount "81"]
[EventDate "2010.??.??"]

1. Nf3 Nf6 2. c4 g6 3. Nc3 d5 4. cxd5 Nxd5 5. Qa4+ Bd7 6. Qh4 Bc6 7. Qd4 Rg8 8.
Ne5 e6 9. e4 Nb4 10. Qxd8+ Kxd8 11. Kd1 Be8 12. d4 Nd7 13. Nd3 Nxd3 14. Bxd3 c5
15. d5 Rc8 16. dxe6 fxe6 17. Bg5+ Be7 18. h4 Ne5 19. Kc2 h6 20. Bxh6 Ng4 21.
Bc4 Nxh6 22. Bxe6 Bc6 23. Rad1+ Kc7 24. Nd5+ Bxd5 25. Rxd5 Rcf8 26. Rd7+ Kc6
27. Rxe7 Rxf2+ 28. Kc3 Kd6 29. Bxg8 Kxe7 30. Bd5 b5 31. b4 Kd6 32. Rd1 Ng4 33.
e5+ Kxe5 34. Bf3 cxb4+ 35. Kxb4 Ne3 36. Rd7 a5+ 37. Kxb5 Rxa2 38. Re7+ Kd4 39.
Rd7+ Ke5 40. Re7+ Kd4 41. Rd7+ 1/2-1/2